Statistics for Capitals in their Native Languages

Click here to take the quiz!

General Stats

  • This quiz has been taken 40,903 times
    (40,805 since last reset)
  • The average score is 14 of 21

Answer Stats

Native English % Correct
RomaRome
100%
AthinaiAthens
95%
MoskvaMoscow
93%
PrahaPrague
87%
KøbenhavnCopenhagen
87%
BucureștiBucharest
87%
Hà NộiHanoi
86%
BayrūtBeirut
86%
Nava DehalīNew Delhi
84%
BeogradBelgrade
81%
WienVienna
78%
PrishtinëPristina
63%
Ar-RiyāḍRiyadh
62%
Dimashq / Ash-ShamDamascus
57%
Pot MosbiPort Moresby
48%
PòtoprensPort au Prince
47%
LefkosiaNicosia
41%
Baile Átha CliathDublin
40%
Krung ThepBangkok
40%
KaapstadCapetown
35%
ErrbaṭRabat
30%

Score Distribution

Percentile by Number Answered

Percent of People with Each Score

Your Score History

You have not taken this quiz since the last reset